Le mie prigioni (Record no. 161647)

MARC details
000 -LEADER
campo de control de longitud fija 00686nam a2200181 i 4500
001 - NÚMERO DE CONTROL
campo de control 161647
003 - IDENTIFICADOR DE NÚMERO DE CONTROL
campo de control ES-MaACL
005 - FECHA Y HORA DE LA ÚLTIMA TRANSACCIÓN
campo de control 20251005063126.0
008 - DATOS DE LONGITUD FIJA--INFORMACIÓN GENERAL
campo de control de longitud fija 041022s1884 it af |||| | ita d
100 1# - ENTRADA PRINCIPAL--NOMBRE DE PERSONA
Nombre de persona Pellico, Silvio,
Fechas asociadas al nombre 1789-1854
9 (RLIN) 130947
245 13 - MENCIÓN DEL TÍTULO
Título Le mie prigioni
Resto del título : aggiuntivi i capitoli inediti /
Mención de responsabilidad, etc. Silvio Pellico ; ed. illustrate da Tony Johannot.
260 ## - PUBLICACIÓN, DISTRIBUCIÓN, ETC.
Lugar de publicación, distribución, etc. Milano :
Nombre del editor, distribuidor, etc. Edardo Sonzogno,
Fecha de publicación, distribución, etc. 1884.
300 ## - DESCRIPCIÓN FÍSICA
Extensión 236 p., [18] h. lám. :
Otras características físicas il. ;
Dimensiones 27 cm.
700 1# - ENTRADA AGREGADA--NOMBRE PERSONAL
Nombre de persona Johannot, Tony,
Fechas asociadas al nombre 1803-1852
9 (RLIN) 128329
752 ## - ENTRADA AGREGADA--NOMBRE JERÁRQUICO DEL LUGAR
País o entidad superior Italia -
Ciudad Milán
852 ## - LOCALIZACIÓN
Ubicación ES-MaACL
Número de control de estantería G-6188
Nota libre - Enc. ed. en tela verde, con planchas en negro y hierros dorados
Holdings
Estatus retirado Estado de pérdida Estado de daño No para préstamo Colección Biblioteca de origen Biblioteca actual Ubicación en estantería Fecha de adquisición Fuente de adquisición Total de préstamos Signatura topográfica completa Código de barras Visto por última vez Precio de reemplazo Tipo de ítem Koha
        Libros del s. XIX Biblioteca del Ateneo de Madrid Biblioteca del Ateneo de Madrid Depósito 2 17/01/2008     G-6188 1169326 23/02/2023 23/02/2023 Libro impreso antiguo